[Event "British OTB-ch"]
[Site "Hull"]
[Date "2021.10.03"]
[Round "2"]
[White "Pert, Nicholas"]
[Black "Bradbury, Neil H"]
[Result "1/2-1/2"]
[WhiteElo "2548"]
[BlackElo "2265"]
[PlyCount "158"]
[EventDate "2021.10.02"]
[EventType "swiss"]
[EventRounds "9"]
[EventCountry "ENG"]
[SourceTitle "EXT 2022"]
[Source "ChessBase"]
[SourceDate "2021.10.06"]
[SourceVersion "1"]
[SourceVersionDate "2021.10.06"]
[SourceQuality "1"]

1. d4 Nf6 2. Nf3 e6 3. c4 Bb4+ 4. Bd2 a5 5. a3 Bxd2+ 6. Qxd2 0-0 7. Nc3 d6 8. e4 e5 9. dxe5 dxe5 10. Qxd8 Rxd8 11. Nxe5 Re8 12. f4 Nxe4 13. Nxe4 f6 14. c5 fxe5 15. Bc4+ Be6 16. Bxe6+ Rxe6 17. f5 Re7 18. 0-0 Nc6 19. Rae1 Rd8 20. Re3 Nd4 21. g4 h6 22. h4 Rf8 23. Kg2 b6 24. Rf2 a4 25. cxb6 cxb6 26. Rc3 Rd7 27. h5 Rfd8 28. Rg3 Rf7 29. Re3 Rc7 30. Nc3 b5 31. Rxe5 b4 32. Nd5 Nc6 33. Nxc7 Nxe5 34. Ne6 Rb8 35. Re2 Nc4 36. Nc5 bxa3 37. bxa3 Nxa3 38. Ra2 Rc8 39. Rxa3 Rxc5 40. Rxa4 Rc3 41. Ra7 Rb3 42. Kf2 Rc3 43. Re7 Kf8 44. Re3 Rc4 45. Kf3 Kf7 46. Re4 Rc3+ 47. Kf4 Rc1 48. Ke5 Ra1 49. Rd4 Re1+ 50. Re4 Ra1 51. Re3 Ra5+ 52. Kf4 Ra1 53. Rd3 Ra4+ 54. Kg3 Ra1 55. Rd7+ Kf6 56. Rd6+ Kf7 57. Rg6 Ra3+ 58. Kh4 Rf3 59. Ra6 Rf1 60. Kh3 Rh1+ 61. Kg2 Rb1 62. Ra7+ Kf6 63. Ra6+ Kf7 64. Re6 Ra1 65. Kf2 Ra3 66. Re3 Ra2+ 67. Kf3 Ra4 68. Re4 Ra3+ 69. Kf4 Ra1 70. Rd4 Rf1+ 71. Ke5 Re1+ 72. Kf4 Rf1+ 73. Kg3 Rg1+ 74. Kf2 Ra1 75. Rd7+ Kf6 76. Rd6+ Kf7 77. f6 gxf6 78. Rd7+ Kg8 79. Kg3 Ra4 1/2-1/2

[Event "Titled Tuesday intern op 13th Apr"]
[Site "Chess.com INT"]
[Date "2021.04.13"]
[Round "10"]
[White "Pert, Nicholas"]
[Black "Grandelius, Nils"]
[Result "0-1"]
[WhiteElo "2548"]
[BlackElo "2670"]
[PlyCount "138"]
[EventDate "2021.04.13"]
[EventType "swiss (blitz)"]
[EventRounds "11"]
[EventCountry "USA"]
[SourceTitle "CBM 201 Extra"]
[Source "ChessBase"]
[SourceDate "2021.05.31"]
[SourceVersion "1"]
[SourceVersionDate "2021.05.31"]
[SourceQuality "1"]

1. d4 d5 2. Nf3 e6 3. c4 a6 4. Nbd2 c5 5. cxd5 exd5 6. g3 Nf6 7. Bg2 Nc6 8. 0-0 h6 9. a3 cxd4 10. Nb3 Bd6 11. Nbxd4 0-0 12. b4 Nxd4 13. Nxd4 Re8 14. Bb2 Bd7 15. Rc1 Be5 16. e3 h5 17. Qb3 h4 18. Nf3 Bxb2 19. Qxb2 h3 20. Bh1 Bb5 21. Rfd1 Rc8 22. Rxc8 Qxc8 23. Nd4 Bc4 24. Qb1 Ne4 25. Qb2 b5 26. Rc1 Qg4 27. f3 Qg5 28. f4 Qg6 29. Bxe4 Qxe4 30. Re1 f6 31. Qc2 Bd3 32. Qf2 Rc8 33. g4 Rc4 34. Qg3 Kf7 35. f5 Qe5 36. Kf2 Rc3 37. Qxh3 Rxa3 38. Qg3 Ra2+ 39. Kg1 Be4 40. Qxe5 fxe5 41. Ne2 Rc2 42. h3 Kf6 43. Kf1 Kg5 44. Ng3 Bf3 45. Ra1 Kh4 46. Nh5 Kxh3 47. Nxg7 Kg3 48. Nh5+ Kxg4 49. Ng7 Kg3 50. Ke1 Re2+ 51. Kf1 Rh2 52. Ke1 Rh1+ 53. Kd2 Rxa1 54. f6 Ra2+ 55. Kc1 Rh2 56. f7 Rh8 57. Ne6 Kf2 58. f8Q Rxf8 59. Nxf8 Kxe3 60. Nd7 Kd4 61. Nc5 e4 62. Nxa6 e3 63. Nc7 Kc3 64. Nxb5+ Kd3 65. Na3 e2 66. Nc2 d4 67. Ne1+ Ke3 68. Kc2 Be4+ 69. Kb3 d3 0-1

[Event "Titled Tuesday intern op 13th Apr"]
[Site "Chess.com INT"]
[Date "2021.04.13"]
[Round "5"]
[White "Pert, Nicholas"]
[Black "Ognean, Mihnea Ionut"]
[Result "1-0"]
[WhiteElo "2548"]
[BlackElo "2298"]
[PlyCount "105"]
[EventDate "2021.04.13"]
[EventType "swiss (blitz)"]
[EventRounds "11"]
[EventCountry "USA"]
[SourceTitle "CBM 201 Extra"]
[Source "ChessBase"]
[SourceDate "2021.05.31"]
[SourceVersion "1"]
[SourceVersionDate "2021.05.31"]
[SourceQuality "1"]

1. e4 c6 2. Nf3 d5 3. Nc3 Nf6 4. e5 Ne4 5. Ne2 Qb6 6. d4 e6 7. Ng3 c5 8. Bd3 Nxg3 9. hxg3 cxd4 10. Nxd4 Bc5 11. c3 Nc6 12. Be3 Bd7 13. 0-0 Nxd4 14. b4 Ne2+ 15. Qxe2 Bxe3 16. fxe3 0-0 17. Rf4 f5 18. exf6 Rxf6 19. Rxf6 gxf6 20. Rf1 Rf8 21. Kh2 Rf7 22. Qg4+ Rg7 23. Qd4 Qd6 24. Qf4 Qxf4 25. gxf4 Kf7 26. c4 dxc4 27. Bxc4 Ke7 28. b5 Rg8 29. Rd1 Rc8 30. Rd4 b6 31. a4 Rc5 32. Kg3 e5 33. fxe5 Rxe5 34. Kf2 Be6 35. Bxe6 Kxe6 36. Rg4 Rd5 37. Rg8 Rd7 38. Re8+ Kf5 39. Kf3 h5 40. Rh8 Kg6 41. Kf4 Re7 42. e4 Rd7 43. Ra8 Re7 44. Rc8 Rd7 45. Rc6 Kg7 46. Kf5 Rd1 47. Rc7+ Kh6 48. Rxa7 Rf1+ 49. Ke6 Kg5 50. a5 Rg1 51. axb6 Kf4 52. b7 Rxg2 53. b8Q+ 1-0

[Event "Bunratty Online"]
[Site "Chess.com INT"]
[Date "2021.02.20"]
[Round "4"]
[White "Doluhanova, Evgeniya"]
[Black "Pert, Nicholas"]
[Result "0-1"]
[WhiteElo "2212"]
[BlackElo "2548"]
[PlyCount "90"]
[EventDate "2021.02.20"]
[EventType "swiss (blitz)"]
[EventRounds "9"]
[EventCountry "IRL"]
[SourceTitle "CBM 200 Extra"]
[Source "ChessBase"]
[SourceDate "2021.03.31"]
[SourceVersion "1"]
[SourceVersionDate "2021.03.31"]
[SourceQuality "1"]

1. e4 c5 2. Nf3 Nc6 3. Bb5 g6 4. 0-0 Bg7 5. c3 Nf6 6. Re1 0-0 7. d4 d5 8. e5 Ne4 9. h3 Qb6 10. a4 a6 11. Bf1 Bf5 12. dxc5 Nxc5 13. Be3 Qxb2 14. Ra3 Bxb1 15. Bxc5 Bc2 16. Qxd5 Rfd8 17. Qa2 Qxa2 18. Rxa2 Bf5 19. Rb2 Rd7 20. g4 Be6 21. Bg2 Rc8 22. Bd4 Bd5 23. Ng5 Bxg2 24. Kxg2 e6 25. Nf3 Nxd4 26. cxd4 Rc4 27. Reb1 Rxa4 28. Rxb7 Rxb7 29. Rxb7 h6 30. Rb8+ Bf8 31. Ra8 Kg7 32. h4 Ra2 33. Kg3 a5 34. g5 hxg5 35. Nxg5 Be7 36. Ra7 Bxg5 37. hxg5 Kf8 38. f4 a4 39. Kf3 a3 40. Ke4 Ra1 41. d5 a2 42. Ra8+ Kg7 43. dxe6 Re1+ 44. Kd5 fxe6+ 45. Kxe6 a1Q 0-1

[Event "Bunratty Online"]
[Site "Chess.com INT"]
[Date "2021.02.20"]
[Round "7"]
[White "Pert, Nicholas"]
[Black "Rawlinson, Aidan"]
[Result "1-0"]
[WhiteElo "2548"]
[BlackElo "2190"]
[PlyCount "79"]
[EventDate "2021.02.20"]
[EventType "swiss (blitz)"]
[EventRounds "9"]
[EventCountry "IRL"]
[SourceTitle "CBM 200 Extra"]
[Source "ChessBase"]
[SourceDate "2021.03.31"]
[SourceVersion "1"]
[SourceVersionDate "2021.03.31"]
[SourceQuality "1"]

1. d4 g6 2. Nf3 Bg7 3. e4 d6 4. Bc4 Nf6 5. Qe2 0-0 6. e5 dxe5 7. dxe5 Nd5 8. 0-0 Bg4 9. Nbd2 Nb6 10. Bb3 Nc6 11. h3 Nd4 12. Qe3 Nxb3 13. axb3 Bf5 14. Ne4 Qd5 15. Nc3 Qd7 16. Qe2 a6 17. Bf4 Nd5 18. Nxd5 Qxd5 19. Rfd1 Qc5 20. c3 Rad8 21. b4 Qb5 22. Qxb5 axb5 23. Nd4 Bd7 24. Ra7 Bc8 25. Re1 c6 26. Bg5 Rfe8 27. Ra8 Kf8 28. Rb8 Rd5 29. Bf4 g5 30. Bg3 h5 31. f4 h4 32. Bh2 g4 33. hxg4 Bxg4 34. Rxb7 c5 35. bxc5 Rxc5 36. f5 Ra8 37. f6 exf6 38. exf6 Bh6 39. Bd6+ Kg8 40. Bxc5 1-0

[Event "Caplin Hastings Online"]
[Site "Tornelo INT"]
[Date "2021.01.10"]
[Round "7"]
[White "McShane, Luke J"]
[Black "Pert, Nicholas"]
[Result "1-0"]
[WhiteElo "2674"]
[BlackElo "2548"]
[PlyCount "135"]
[EventDate "2021.01.09"]
[EventType "tourn (rapid)"]
[EventRounds "11"]
[EventCountry "ENG"]
[EventCategory "12"]
[SourceTitle "CBM 200 Extra"]
[Source "ChessBase"]
[SourceDate "2021.03.31"]
[SourceVersion "1"]
[SourceVersionDate "2021.03.31"]
[SourceQuality "1"]

1. e4 c5 2. g3 Nc6 3. Bg2 g6 4. Nc3 Bg7 5. d3 d6 6. Be3 e5 7. Nh3 Nge7 8. f4 f5 9. 0-0 0-0 10. Qd2 exf4 11. Nxf4 Bd7 12. Rae1 fxe4 13. Nxe4 Nf5 14. Bf2 Qa5 15. c3 Rae8 16. g4 Nh6 17. h3 Nf7 18. Nd5 Qd8 19. Be3 Kh8 20. Rxf7 Rxf7 21. Nxd6 Be6 22. Nxe8 Qxe8 23. Bxc5 Qd7 24. d4 b6 25. Ba3 Bxd5 26. Bxd5 Bxd4+ 27. cxd4 Qxd5 28. b3 Qf3 29. Qe3 Qxe3+ 30. Rxe3 Rd7 31. Bb2 Kg8 32. Kg2 Kf7 33. Rc3 Nb4 34. Rc4 Nd3 35. Bc3 Nf4+ 36. Kf3 Nxh3 37. Bd2 g5 38. Kg3 Nf4 39. Bxf4 gxf4+ 40. Kxf4 Ke6 41. Ke4 Rg7 42. d5+ Kd7 43. Kf4 Kd6 44. Rd4 Rf7+ 45. Kg3 b5 46. b4 Rf1 47. Rd3 a6 48. a3 h6 49. Kg2 Rf4 50. Kh3 Rf1 51. Kg3 Rg1+ 52. Kf4 Rf1+ 53. Ke4 Re1+ 54. Kf5 Rf1+ 55. Kg6 Rh1 56. Rf3 Kxd5 57. Rf5+ Ke4 58. Rh5 Rg1 59. Rh4 Kf3 60. Kf5 Rd1 61. Rh3+ Kg2 62. Rxh6 Rd5+ 63. Ke4 Rd8 64. Rxa6 Rg8 65. Kf5 Kf3 66. g5 Ke3 67. g6 Kd4 68. Ra7 1-0

[Event "Caplin Hastings Online"]
[Site "Tornelo INT"]
[Date "2021.01.10"]
[Round "10"]
[White "Pert, Nicholas"]
[Black "Ghasi, Ameet K"]
[Result "1/2-1/2"]
[WhiteElo "2548"]
[BlackElo "2485"]
[PlyCount "120"]
[EventDate "2021.01.09"]
[EventType "tourn (rapid)"]
[EventRounds "11"]
[EventCountry "ENG"]
[EventCategory "12"]
[SourceTitle "CBM 200 Extra"]
[Source "ChessBase"]
[SourceDate "2021.03.31"]
[SourceVersion "1"]
[SourceVersionDate "2021.03.31"]
[SourceQuality "1"]

1. d4 Nf6 2. Nf3 g6 3. g3 Bg7 4. Bg2 0-0 5. 0-0 d5 6. c4 c6 7. cxd5 cxd5 8. Nc3 e6 9. Bf4 Nc6 10. Ne5 Bd7 11. Rc1 Nh5 12. Nxc6 Bxc6 13. Be3 Nf6 14. Qd2 Qb6 15. Rfd1 Rfc8 16. b3 Ng4 17. Bg5 h6 18. Be7 Re8 19. Bc5 Qd8 20. e3 Qd7 21. a4 b6 22. Ba3 Nf6 23. Rc2 h5 24. Rdc1 h4 25. Nb5 Rec8 26. Nd6 Rc7 27. Rc3 Bf8 28. Qc2 Bxd6 29. Bxd6 Qxd6 30. Rxc6 Rxc6 31. Qxc6 Qxc6 32. Rxc6 Rd8 33. gxh4 Rd7 34. Bf3 Kg7 35. Kg2 Rb7 36. Rc8 a5 37. Kg3 b5 38. Ra8 bxa4 39. bxa4 Rb3 40. Rxa5 Ne8 41. h5 Nd6 42. hxg6 Kxg6 43. Ra8 Nf5+ 44. Kf4 Rb2 45. e4 Nxd4 46. exd5 e5+ 47. Kxe5 Nxf3+ 48. Kd6 Rxf2 49. a5 Rxh2 50. a6 Ra2 51. Ke7 Re2+ 52. Kd6 Kf6 53. a7 Ra2 54. Kc7 Nd4 55. Kb6 Ke5 56. Re8+ Kxd5 57. a8Q+ Rxa8 58. Rxa8 f5 59. Rf8 Ke4 60. Rxf5 Nxf5 1/2-1/2

[Event "Caplin Hastings Online"]
[Site "Tornelo INT"]
[Date "2021.01.09"]
[Round "5"]
[White "Turner, Matthew"]
[Black "Pert, Nicholas"]
[Result "1/2-1/2"]
[WhiteElo "2509"]
[BlackElo "2548"]
[PlyCount "110"]
[EventDate "2021.01.09"]
[EventType "tourn (rapid)"]
[EventRounds "11"]
[EventCountry "ENG"]
[EventCategory "12"]
[SourceTitle "CBM 200 Extra"]
[Source "ChessBase"]
[SourceDate "2021.03.31"]
[SourceVersion "1"]
[SourceVersionDate "2021.03.31"]
[SourceQuality "1"]

1. d4 d5 2. c4 c6 3. Nf3 Nf6 4. e3 Bf5 5. Nc3 e6 6. Nh4 Be4 7. f3 Bg6 8. g3 Be7 9. Bd2 Nbd7 10. cxd5 cxd5 11. Qb3 Qb6 12. Qxb6 Nxb6 13. Bb5+ Nfd7 14. Nxg6 hxg6 15. Kf2 Rc8 16. Rac1 a6 17. Bd3 Nc4 18. Bxc4 Rxc4 19. h4 Nb6 20. b3 Rc6 21. Ne2 Kd7 22. Rxc6 bxc6 23. Kg2 Rc8 24. Rc1 c5 25. Ba5 Na8 26. dxc5 Rxc5 27. Rxc5 Bxc5 28. Kf2 Nc7 29. Bc3 Ne8 30. Nf4 Be7 31. Nd3 f6 32. Nf4 g5 33. hxg5 fxg5 34. Nd3 Nf6 35. g4 Bd6 36. Ke2 Ke8 37. a4 Kf7 38. Be5 Ke7 39. b4 Ne8 40. b5 axb5 41. axb5 Bxe5 42. Nxe5 Kd6 43. b6 Nf6 44. Nf7+ Kc6 45. Nxg5 e5 46. Ne6 g6 47. g5 Nd7 48. f4 Kxb6 49. e4 Kc6 50. fxe5 Nxe5 51. exd5+ Kxd5 52. Nf4+ Ke4 53. Nxg6 Nxg6 54. Kf2 Kf4 55. Ke2 Kxg5 1/2-1/2

[Event "Titled Tuesday intern op 01st Sept"]
[Site "Chess.com INT"]
[Date "2020.09.01"]
[Round "6"]
[White "Balla, Tamas Kristof"]
[Black "Pert, Nicholas"]
[Result "1/2-1/2"]
[WhiteElo "2356"]
[BlackElo "2548"]
[PlyCount "182"]
[EventDate "2020.09.01"]
[EventType "swiss (blitz)"]
[EventRounds "10"]
[EventCountry "USA"]
[SourceTitle "CBM 198 Extra"]
[Source "ChessBase"]
[SourceDate "2020.11.30"]
[SourceVersion "1"]
[SourceVersionDate "2020.11.30"]
[SourceQuality "1"]

1. e4 c5 2. Nf3 Nc6 3. d4 cxd4 4. Nxd4 e5 5. Nb5 d6 6. N1c3 a6 7. Na3 Be7 8. Nc4 b5 9. Ne3 Nf6 10. f3 0-0 11. Be2 Be6 12. Ncd5 Nd4 13. Nxe7+ Qxe7 14. c3 Nxe2 15. Qxe2 d5 16. exd5 Nxd5 17. Nxd5 Bxd5 18. 0-0 Rad8 19. Re1 Rfe8 20. a4 Bc4 21. Qf2 h6 22. axb5 axb5 23. Be3 Qf6 24. Bc5 Rd5 25. Rad1 Red8 26. Rxd5 Rxd5 27. Be3 Qd6 28. Qc2 Bd3 29. Qb3 e4 30. fxe4 Bxe4 31. Bd4 Qf4 32. Qd1 Rg5 33. Re2 Qf3 34. Qd2 Qg4 35. Rf2 f5 36. Qe2 Qh4 37. Qxb5 Kh7 38. Qe2 Rg4 39. b4 Qg5 40. Qd2 f4 41. h3 Rh4 42. Kf1 Qf5 43. c4 f3 44. g4 Qg6 45. Rh2 h5 46. Bf2 Bd3+ 47. Kg1 hxg4 48. Bxh4 g3 49. Bxg3 Qxg3+ 50. Kh1 Bf1 51. Qf2 Bg2+ 52. Kg1 Qd6 53. Rxg2 fxg2 54. c5 Qb8 55. Qh4+ Kg8 56. Kxg2 Qe5 57. Qc4+ Kh7 58. c6 Qg5+ 59. Kf3 Qf5+ 60. Ke3 Qxh3+ 61. Kd4 Qg4+ 62. Kc5 Qf5+ 63. Kb6 g5 64. c7 Qc8 65. Qd4 g4 66. Qd8 Qe6+ 67. Kb7 Qe4+ 68. Ka7 Qe3+ 69. Ka6 Qe2+ 70. b5 Qa2+ 71. Kb7 Qg2+ 72. Kb8 Qg3 73. b6 Qf4 74. Qd7+ Kg6 75. Ka8 Qf3+ 76. b7 Qa3+ 77. Kb8 Qg3 78. Qc6+ Kh5 79. Ka7 Qe3+ 80. Qb6 Qa3+ 81. Kb8 Qg3 82. Qb5+ Kh4 83. Ka8 Qa3+ 84. Kb8 Qd6 85. Qe8 Kh3 86. Qh8+ Kg2 87. Qd8 Qe5 88. Ka8 Qa5+ 89. Kb8 Qe5 90. Ka8 Qa5+ 91. Kb8 Qe5 1/2-1/2